| 000 | 00473nam a2200169 4500 | ||
|---|---|---|---|
| 001 | 116698 | ||
| 003 | ES-MaACL | ||
| 005 | 20230906190743.0 | ||
| 007 | t| | ||
| 008 | 061121m19101919it r ||||1| ita d | ||
| 100 | 1 |
_aPascal, Ernesto. _989312 |
|
| 245 | 1 | 0 |
_aLezioni di calcolo infinitesimale dettate / _cda Ernesto Pascal. |
| 250 | _a3ยช ed. rev. | ||
| 260 |
_aMilano : _bUlrico Hoepli, _c1910-1919. |
||
| 300 |
_a3 v. : _bil ; _c15 cm. |
||
| 852 |
_aES-MaACL _jD-3596-8 |
||
| 999 |
_c116698 _d116698 |
||